Výpočet reálních hodnot forwardů a opcí [6]

Dokončenie z čísla 9/2003. Kúpená kúpna komoditná opcia. Predaná kúpna komoditná opcia. Kúpená predajná komoditná opcia. Predaná predajná komoditná opcia.

Gespeichert in:
Bibliographische Detailangaben
1. Verfasser: Jílek, Josef
Format: Buchkapitel
Sprache:Tschechisch
Schlagworte:
Tags: Tag hinzufügen
Keine Tags, Fügen Sie das erste Tag hinzu!

MARC

LEADER 00000naa a2200000 4500
001 0001599
005 20230913090858.7
041 0 |a cze 
044 |a CZ 
245 1 0 |a Výpočet reálních hodnot forwardů a opcí [6]  |c Josef Jílek 
520 |a Dokončenie z čísla 9/2003. Kúpená kúpna komoditná opcia. Predaná kúpna komoditná opcia. Kúpená predajná komoditná opcia. Predaná predajná komoditná opcia. 
610 2 0 |a deriváty 
610 2 0 |a forwardy 
610 2 0 |a opcie 
610 2 0 |a hodnota 
610 2 0 |a pojmy 
610 2 0 |a miera úroková 
610 2 0 |a IAS 39 
610 2 0 |a účtovníctvo 
100 1 |a Jílek, Josef